Normal view
MARC view
- SOUTOS, MARIOS
Entry Personal Name
001 - CONTROL NUMBER
- control field: 89036
003 - CONTROL NUMBER IDENTIFIER
- control field: NUST
005 - DATE AND TIME OF LATEST TRANSACTION
- control field: 20220215112851.0
008 - FIXED-LENGTH DATA ELEMENTS
- fixed length control field: 220215|| aca||aabn | a|a d
040 ## - CATALOGING SOURCE
- Original cataloging agency: NUST
- Transcribing agency: NUST
100 ## - HEADING--PERSONAL NAME
- Personal name: SOUTOS, MARIOS
670 ## - SOURCE DATA FOUND
- Source citation: Work cat.: (NUST): SOUTOS, MARIOS., CONSTRUCTION MATERIALS /, 2018.
